| 000 | 00882cam a22002531 4500 | ||
|---|---|---|---|
| 001 | 7468827 | ||
| 005 | 20050806152939.0 | ||
| 008 | 740502s1957 nyua b 000 0 eng | ||
| 010 | _a 57005929 | ||
| 035 | _a(OCoLC)877121 | ||
| 040 |
_aDLC _cPPD _dOCoLC _dDLC |
||
| 042 | _apremarc | ||
| 050 | 0 | 0 |
_aTP145 _b.R33 |
| 082 |
_a660.28 _222 _bRAS |
||
| 100 | 1 |
_aRase, Howard F. _97058 |
|
| 245 | 1 | 0 |
_aProject Engineering of Process Plants _c[by] Howard F. Rase and M.H. Barrow. Original illus. by James R. Holmes. |
| 260 |
_aNew York, _bWiley _c1957 |
||
| 300 |
_a692 p.: _bill. ; _c24 cm. |
||
| 504 | _aIncludes index | ||
| 650 | 0 |
_aChemical engineering. _97059 |
|
| 700 | 1 |
_aBarrow, M. H., _ejoint author. _97060 |
|
| 942 |
_2ddc _cBB |
||
| 999 |
_c12066 _d12066 |
||